|
|
|
|
| LEADER |
01595nam a2200361 i 4500 |
| 001 |
34076 |
| 003 |
BD-DhAAL |
| 005 |
20190102143647.0 |
| 008 |
190102t2013 nyua 001 0 eng |
| 999 |
|
|
|c 40142
|d 40142
|
| 010 |
|
|
|a 2013009835
|
| 020 |
|
|
|a 9780071765633 (pbk.)
|
| 040 |
|
|
|a DLC
|b eng
|c DLC
|e rda
|d DLC
|d BD-DhAAL
|
| 042 |
|
|
|a pcc
|
| 050 |
0 |
0 |
|a QC174.12
|b .M379 2013
|
| 082 |
0 |
0 |
|a 530.12
|2 23
|
| 100 |
1 |
|
|a McMahon, David
|q (David M.)
|9 29291
|
| 245 |
1 |
0 |
|a Quantum mechanics demystified /
|c David McMahon.
|
| 250 |
|
|
|a Second Edition.
|
| 260 |
|
|
|a New York :
|b McGraw-Hill Education,
|c c2013
|
| 300 |
|
|
|a xiv, 506 pages :
|b illustrations ;
|c 23 cm.
|
| 490 |
0 |
|
|a Demystified
|
| 500 |
|
|
|a Includes index.
|
| 520 |
|
|
|a "The second edition of this bestseller is updated with reworked equations, all-new quizzes and test questions, clearer explanations of the material, and a completely refreshed interior design"--
|
| 526 |
|
|
|a MNS
|
| 541 |
|
|
|a Trim Education
|e 34076, 34077
|
| 650 |
|
0 |
|a Quantum theory.
|9 29292
|
| 650 |
|
7 |
|a SCIENCE / Physics.
|2 bisacsh
|9 29293
|
| 650 |
|
7 |
|a Mechanics
|9 29294
|
| 852 |
|
|
|a Ayesha Abed Library
|c General Stacks
|
| 942 |
|
|
|2 ddc
|c BK
|
| 952 |
|
|
|0 0
|1 0
|2 ddc
|4 0
|6 530_120000000000000_MCM
|7 0
|9 64737
|a BRACUL
|b BRACUL
|c GEN
|d 2018-12-05
|e Trim Education
|g 4820.00
|l 2
|m 18
|o 530.12 MCM
|p 3010034077
|q 2026-07-28
|r 2024-01-24
|s 2024-01-24
|t 2
|v 4820.00
|w 2018-12-05
|y BK
|
| 952 |
|
|
|0 0
|1 0
|2 ddc
|4 0
|6 530_120000000000000_MCM
|7 0
|9 64738
|a BRACUL
|b BRACUL
|c GEN
|d 2018-12-05
|e Trim Education
|g 4820.00
|l 6
|m 15
|o 530.12 MCM
|p 3010034076
|r 2026-04-30
|s 2026-04-27
|t 1
|v 4820.00
|w 2018-12-05
|y BK
|